[Event "26. Torneo Collado Villalba"]
[Site "Collado Villalba ESP"]
[Date "2009.08.21"]
[Round "1.35"]
[White "Franco Rincon, David"]
[Black "Rodrigo Yanguas, Maria"]
[Result "0-1"]
[WhiteElo "1787"]
[BlackElo "2112"]
[PlyCount "112"]
[EventDate "2009.08.21"]
[EventType "swiss"]
[EventRounds "9"]
[EventCountry "ESP"]
[Source "lmi"]
[SourceDate "2009.08.21"]

1. e4 e6 2. d4 d5 3. exd5 exd5 4. Bd3 Bd6 5. c3 Ne7 6. Nf3 Bg4 7. O-O Nd7 8.
Bg5 h6 9. Bh4 c6 10. Nbd2 Qc7 11. Bg3 O-O 12. Qc2 c5 13. Rfe1 Nc6 14. Bxd6 Qxd6
15. dxc5 Nxc5 16. Bf5 Bxf5 17. Qxf5 Rfe8 18. Rad1 Ne7 19. Qg4 Qa6 20. b4 Ne6
21. Ra1 Rac8 22. Nd4 Ng6 23. Nxe6 Rxe6 24. Rxe6 Qxe6 25. Qxe6 fxe6 26. Rc1 Nf4
27. Rc2 Ne2+ 28. Kf1 Rxc3 29. Rb2 Nf4 30. Nb3 Kf7 31. g3 Nd3 32. Rd2 Nxb4 33.
Ke2 Rc2 34. a3 Rxd2+ 35. Kxd2 Nc6 36. Kd3 Kf6 37. h3 e5 38. f3 b6 39. Nd2 Ne7
40. Nb1 Nf5 41. g4 Nd4 42. f4 Nb5 43. a4 Nd6 44. Nc3 exf4 45. Nxd5+ Ke5 46. Ne7
g5 47. Nc6+ Kd5 48. Ne7+ Kc5 49. Ng8 Nf7 50. Kc3 a6 51. Nf6 b5 52. axb5 axb5
53. Ne4+ Kd5 54. Nf6+ Ke5 55. Nd7+ Ke4 56. Nc5+ Ke3 0-1

[Event "26. Torneo Collado Villalba"]
[Site "Collado Villalba ESP"]
[Date "2009.08.21"]
[Round "1.36"]
[White "Nunez Reiz, Antonio"]
[Black "Benitez Cadenas, Luis Miguel"]
[Result "1-0"]
[WhiteElo "2110"]
[BlackElo "1754"]
[PlyCount "71"]
[EventDate "2009.08.21"]
[EventType "swiss"]
[EventRounds "9"]
[EventCountry "ESP"]
[Source "lmi"]
[SourceDate "2009.08.21"]

1. e4 c5 2. Nc3 a6 3. a4 e6 4. g3 b6 5. Bg2 Bb7 6. Nge2 Nf6 7. O-O Qc7 8. d4
cxd4 9. Nxd4 Bb4 10. Qd3 d6 11. Ncb5 Qd7 12. c3 Bc5 13. b4 Bxd4 14. Nxd4 Nc6
15. f4 Nxd4 16. cxd4 O-O 17. Bb2 Rfc8 18. b5 Rc7 19. f5 axb5 20. fxe6 fxe6 21.
axb5 Rac8 22. Rfc1 Rxc1+ 23. Rxc1 Rxc1+ 24. Bxc1 Qc8 25. Bg5 Qa8 26. Bxf6 gxf6
27. h3 Qa1+ 28. Kh2 Qb2 29. Qc4 d5 30. Qc7 dxe4 31. Qb8+ Kf7 32. Qxb7+ Kg6 33.
Qxe4+ Kf7 34. Qb7+ Kg6 35. Qxb6 h5 36. Qxe6 1-0

[Event "26. Torneo Collado Villalba"]
[Site "Collado Villalba ESP"]
[Date "2009.08.21"]
[Round "1.37"]
[White "Algaba Traspuesto, Jose Antonio"]
[Black "Unciti Juan, Javier"]
[Result "0-1"]
[WhiteElo "1746"]
[BlackElo "2107"]
[PlyCount "44"]
[EventDate "2009.08.21"]
[EventType "swiss"]
[EventRounds "9"]
[EventCountry "ESP"]
[Source "lmi"]
[SourceDate "2009.08.21"]

1. e4 e6 2. d3 d5 3. Nd2 c5 4. Ngf3 Nc6 5. g3 Nf6 6. Bg2 Be7 7. O-O O-O 8. e5
Nd7 9. Re1 b5 10. Nf1 a5 11. h4 b4 12. N1h2 a4 13. Bh3 Ba6 14. Ng5 Qe8 15. Qh5
Bxg5 16. hxg5 f5 17. Qxe8 Raxe8 18. f4 Nd4 19. Rd1 Nxc2 20. Rb1 Rb8 21. b3 Nd4
22. Be3 Ne2+ 0-1

[Event "26. Torneo Collado Villalba"]
[Site "Collado Villalba ESP"]
[Date "2009.08.21"]
[Round "1.38"]
[White "Martin Martin, Luis Vicente"]
[Black "Prieto Velasco, Rafael"]
[Result "0-1"]
[WhiteElo "2095"]
[BlackElo "1727"]
[PlyCount "102"]
[EventDate "2009.08.21"]
[EventType "swiss"]
[EventRounds "9"]
[EventCountry "ESP"]
[Source "lmi"]
[SourceDate "2009.08.21"]

1. d4 f5 2. Qd3 d6 3. e4 fxe4 4. Qxe4 Nf6 5. Qh4 Bf5 6. Na3 c6 7. Bg5 Nbd7 8.
Nf3 b5 9. c3 h6 10. Be2 Bh7 11. Bd2 Nb6 12. Be3 Qd7 13. Nd2 Qf5 14. g4 g5 15.
Qg3 Qe6 16. O-O Ne4 17. Nxe4 Bxe4 18. Rfe1 Qg6 19. Bd2 Bg7 20. Bf3 Bd5 21. Bd1
Qf6 22. Bc2 O-O 23. Re2 Bf3 24. Ree1 Kh8 25. Bf5 Bd5 26. Re3 e5 27. dxe5 dxe5
28. b3 Rad8 29. Re2 Rfe8 30. Rae1 Bf7 31. Nb1 Nd5 32. Bc1 Bg6 33. Bxg6 Qxg6 34.
Ba3 Nf4 35. Re3 Nd5 36. Re4 Nf4 37. R4e3 Nd5 38. Re4 Nf4 39. Qf3 Rd3 40. R4e3
Red8 41. Bc5 a6 42. Qe4 Rxe3 43. Qxe3 Nd3 44. Rd1 Rd5 45. Ba7 Nf4 46. Re1 Qd6
47. f3 Rd3 48. Qe4 Rd1 49. Bf2 Rxe1+ 50. Qxe1 Qd3 51. Qe4 Qd1+ 0-1

[Event "26. Torneo Collado Villalba"]
[Site "Collado Villalba ESP"]
[Date "2009.08.21"]
[Round "1.40"]
[White "Lorite Cruz, Francisco"]
[Black "Garcia-Sanchez Navarro, Mariano"]
[Result "1-0"]
[WhiteElo "2084"]
[BlackElo "1600"]
[PlyCount "45"]
[EventDate "2009.08.21"]
[EventType "swiss"]
[EventRounds "9"]
[EventCountry "ESP"]
[Source "lmi"]
[SourceDate "2009.08.21"]

1. e4 e5 2. Nf3 Nc6 3. Bc4 Bc5 4. O-O Nf6 5. d3 O-O 6. c3 a6 7. b4 Be7 8. Qe2
d6 9. h3 Bd7 10. a3 Qc8 11. d4 exd4 12. cxd4 Na7 13. Nc3 b5 14. Bb3 c6 15. Bg5
Re8 16. Rac1 h6 17. Bh4 Nh7 18. Qa2 d5 19. Bxe7 Rxe7 20. Nxd5 Qd8 21. Nxe7+
Qxe7 22. Ne5 Bxh3 23. Bxf7+ 1-0

[Event "26. Torneo Collado Villalba"]
[Site "Collado Villalba ESP"]
[Date "2009.08.22"]
[Round "2.2"]
[White "Semprun Martinez, Fernando"]
[Black "San Segundo Carrillo, Pablo"]
[Result "0-1"]
[WhiteElo "2179"]
[BlackElo "2570"]
[PlyCount "80"]
[EventDate "2009.08.21"]
[EventType "swiss"]
[EventRounds "9"]
[EventCountry "ESP"]
[Source "lmi"]
[SourceDate "2009.08.21"]

1. e4 c6 2. d4 d5 3. Nc3 dxe4 4. Nxe4 Bf5 5. Ng3 Bg6 6. h4 h6 7. Nf3 Nd7 8. h5
Bh7 9. Bd3 Bxd3 10. Qxd3 e6 11. Bf4 Ngf6 12. O-O-O Be7 13. Kb1 a5 14. c4 a4 15.
Ne4 Nxe4 16. Qxe4 Qa5 17. Bd2 Bb4 18. d5 Nc5 19. Qe5 Bxd2 20. Rxd2 O-O 21. dxe6
Nxe6 22. Qxa5 Rxa5 23. Rd7 b5 24. Rd6 c5 25. Ne5 bxc4 26. Nxc4 Ra7 27. Rc1 Rb8
28. a3 Nd4 29. Re1 Ne6 30. Re5 Kf8 31. g3 Rab7 32. Rc6 Rb3 33. Re3 R3b7 34. Rd3
Rb3 35. Re3 Rd8 36. Re4 Rb7 37. Ne5 Rd2 38. Rc8+ Ke7 39. Nc4 Rxf2 40. g4 Kf6
0-1

[Event "26. Torneo Collado Villalba"]
[Site "Collado Villalba ESP"]
[Date "2009.08.22"]
[Round "2.4"]
[White "Vazquez Torres, Adrian"]
[Black "Suba, Mihai"]
[Result "0-1"]
[WhiteElo "2149"]
[BlackElo "2540"]
[PlyCount "62"]
[EventDate "2009.08.21"]
[EventType "swiss"]
[EventRounds "9"]
[EventCountry "ESP"]
[Source "lmi"]
[SourceDate "2009.08.21"]

1. e4 c5 2. Nf3 d6 3. d4 Nf6 4. Nc3 cxd4 5. Nxd4 e6 6. Bc4 Be7 7. O-O O-O 8.
Bb3 Na6 9. f4 Nc5 10. Qf3 a6 11. f5 e5 12. Nde2 b5 13. g4 Bb7 14. Ng3 Nxb3 15.
axb3 b4 16. g5 bxc3 17. gxf6 Bxf6 18. bxc3 d5 19. Ba3 Qb6+ 20. Kh1 Rfd8 21. Rg1
Kh8 22. Rg2 Rd7 23. Re1 Rad8 24. Bc1 a5 25. Qg4 dxe4 26. Be3 Qc6 27. c4 g6 28.
Reg1 a4 29. Nh5 Be7 30. bxa4 Qxc4 31. f6 Bf8 0-1

[Event "26. Torneo Collado Villalba"]
[Site "Collado Villalba ESP"]
[Date "2009.08.22"]
[Round "2.9"]
[White "Gallardo Garcia, Andres"]
[Black "Alcaraz Amoros, Antonio"]
[Result "1-0"]
[WhiteElo "2414"]
[BlackElo "2135"]
[PlyCount "81"]
[EventDate "2009.08.21"]
[EventType "swiss"]
[EventRounds "9"]
[EventCountry "ESP"]
[Source "lmi"]
[SourceDate "2009.08.21"]

1. e4 c6 2. c4 d5 3. exd5 cxd5 4. cxd5 Nf6 5. Nc3 Nxd5 6. Nf3 Nc6 7. Bb5 e6 8.
O-O Nxc3 9. bxc3 Bd6 10. d4 O-O 11. Bd3 e5 12. dxe5 Nxe5 13. Nxe5 Bxe5 14.
Bxh7+ Kxh7 15. Qh5+ Kg8 16. Qxe5 Re8 17. Qg3 Bf5 18. Be3 Qd3 19. Rac1 Re6 20.
Rfd1 Qb5 21. c4 Qc6 22. Rd5 Rg6 23. Qh4 Rg4 24. Rd8+ Rxd8 25. Qxd8+ Kh7 26. Qd5
Qg6 27. Qf3 Qe6 28. h3 Rg6 29. Qh5+ Kg8 30. Rd1 Qf6 31. Rd4 b6 32. Rh4 Kf8 33.
Rf4 Qa1+ 34. Kh2 Qf1 35. Qf3 Be6 36. Qa8+ Ke7 37. Qxa7+ Ke8 38. Qb8+ Ke7 39.
Qb7+ Bd7 40. Re4+ Re6 41. Rd4 1-0

[Event "26. Torneo Collado Villalba"]
[Site "Collado Villalba ESP"]
[Date "2009.08.22"]
[Round "2.10"]
[White "Unciti Juan, Javier"]
[Black "Hernandez Gallardo, Francisco Javier"]
[Result "0-1"]
[WhiteElo "2107"]
[BlackElo "2352"]
[PlyCount "78"]
[EventDate "2009.08.21"]
[EventType "swiss"]
[EventRounds "9"]
[EventCountry "ESP"]
[Source "lmi"]
[SourceDate "2009.08.21"]

1. c4 g6 2. Nc3 Bg7 3. g3 Nf6 4. Bg2 O-O 5. e4 d6 6. Nge2 Nc6 7. O-O e5 8. d3
Ne8 9. Nd5 Nd4 10. Nxd4 exd4 11. b4 c6 12. Nf4 Nc7 13. a4 a6 14. a5 f5 15. Bb2
Bd7 16. Ne2 Ne6 17. exf5 gxf5 18. f4 Kh8 19. Kh1 Qc7 20. Qb3 Rae8 21. Rfe1 Qd8
22. Ng1 Rg8 23. Re2 Nc7 24. Rae1 Rxe2 25. Rxe2 Re8 26. Qd1 Rxe2 27. Qxe2 Ne6
28. Ba3 Bf6 29. Bh3 Ng7 30. Nf3 Be8 31. Qe1 Bh5 32. Kg2 Qd7 33. Kf2 Bg4 34. Bg2
Ne6 35. h3 Bh5 36. c5 Bxf3 37. Bxf3 dxc5 38. bxc5 Nc7 39. g4 Bh4+ 0-1

[Event "26. Torneo Collado Villalba"]
[Site "Collado Villalba ESP"]
[Date "2009.08.22"]
[Round "2.12"]
[White "Montanes Arribas, Adrian"]
[Black "Perez Gonzalez, Jose Manuel"]
[Result "1/2-1/2"]
[WhiteElo "2091"]
[BlackElo "2307"]
[PlyCount "69"]
[EventDate "2009.08.21"]
[EventType "swiss"]
[EventRounds "9"]
[EventCountry "ESP"]
[Source "lmi"]
[SourceDate "2009.08.21"]

1. e4 d6 2. d4 Nf6 3. Nc3 g6 4. Be3 c6 5. Qd2 b5 6. Bd3 Nbd7 7. Nf3 e5 8. d5
cxd5 9. Nxd5 Nxd5 10. exd5 a6 11. a4 Bb7 12. O-O bxa4 13. c4 Bg7 14. Rxa4 O-O
15. Ng5 Qc7 16. f3 Nc5 17. Ra2 a5 18. Ne4 Nxd3 19. Qxd3 Rfb8 20. Rfa1 Bc8 21.
Bd2 f5 22. Ng5 e4 23. fxe4 Bxb2 24. Re1 a4 25. Ne6 Qb6+ 26. Kh1 Bxe6 27. dxe6
Qb3 28. Qxb3 Rxb3 29. exf5 gxf5 30. e7 Re8 31. Rxa4 Rd3 32. Bg5 Kf7 33. Ra2 Bc3
34. Ra3 Kg6 35. Rc1 1/2-1/2

[Event "26. Torneo Collado Villalba"]
[Site "Collado Villalba ESP"]
[Date "2009.08.22"]
[Round "2.13"]
[White "Sanchez Gonzalez, Sergio"]
[Black "Nunez Reiz, Antonio"]
[Result "1/2-1/2"]
[WhiteElo "2305"]
[BlackElo "2110"]
[PlyCount "139"]
[EventDate "2009.08.21"]
[EventType "swiss"]
[EventRounds "9"]
[EventCountry "ESP"]
[Source "lmi"]
[SourceDate "2009.08.21"]

1. c4 Nc6 2. Nc3 Nf6 3. d4 e5 4. d5 Ne7 5. e4 Ng6 6. g3 Bb4 7. Bg2 Bxc3+ 8.
bxc3 d6 9. Ne2 O-O 10. O-O Re8 11. Qc2 Qe7 12. a4 a5 13. Ba3 b6 14. Qa2 h5 15.
h3 h4 16. Bc1 Nh7 17. g4 Ng5 18. Be3 Ba6 19. Rad1 Rab8 20. Bc1 Qf6 21. f4 exf4
22. Rd4 f3 23. Bxg5 Qxg5 24. Rxf3 Ne5 25. Rf1 f5 26. gxf5 Qh5 27. Nc1 g5 28.
fxg6 Rf8 29. Rf5 Rxf5 30. exf5 Rf8 31. Qe2 Qxf5 32. Qe3 Qxg6 33. Kh1 Bxc4 34.
Rxh4 Bf1 35. Be4 Qf6 36. Bh7+ Kh8 37. Rh6 Qf3+ 38. Qxf3 Rxf3 39. Be4+ Kg7 40.
Rh7+ Kg8 41. Bxf3 Kxh7 42. Be4+ Kh6 43. Nb3 Bxh3 44. Nd4 Bd7 45. Kg2 Bxa4 46.
Ne6 c6 47. Nd4 cxd5 48. Bxd5 Kg5 49. Kf2 Ng4+ 50. Ke2 Kf4 51. Kd3 Ne5+ 52. Kd2
Nd7 53. c4 Nc5 54. Kc3 Bd7 55. Bg2 Ke3 56. Nc2+ Kf4 57. Nd4 Ba4 58. Bd5 Bd1 59.
Nc6 Bf3 60. Ne7 Bg4 61. Bg2 Be6 62. Kd4 a4 63. Kc3 Ke3 64. Kb4 Kd3 65. Bc6 Bxc4
66. Nc8 Bb3 67. Nxb6 Kc2 68. Nc8 Nd3+ 69. Ka3 Ne5 70. Bxa4 1/2-1/2

[Event "26. Torneo Collado Villalba"]
[Site "Collado Villalba ESP"]
[Date "2009.08.22"]
[Round "2.14"]
[White "Rodriguez De Castro, Ayar"]
[Black "Madina Yadarola, Martin A"]
[Result "0-1"]
[WhiteElo "2084"]
[BlackElo "2253"]
[PlyCount "96"]
[EventDate "2009.08.21"]
[EventType "swiss"]
[EventRounds "9"]
[EventCountry "ESP"]
[Source "lmi"]
[SourceDate "2009.08.21"]

1. d4 Nf6 2. c4 g6 3. g3 Bg7 4. Bg2 O-O 5. Nf3 d6 6. Nc3 Nc6 7. e4 Bg4 8. Be3
e5 9. d5 Nd4 10. O-O Re8 11. Re1 c6 12. h3 Nxf3+ 13. Bxf3 Bxh3 14. dxc6 bxc6
15. Qa4 Bd7 16. Rad1 Qb8 17. c5 dxc5 18. Bxc5 Qxb2 19. Qa5 Qb7 20. Be2 a6 21.
Rb1 Qc8 22. Rb6 Qc7 23. Reb1 Bf8 24. Bxf8 Rxf8 25. Qc5 Ra7 26. Bxa6 Re8 27. Bb7
Qd8 28. Bxc6 Rc7 29. Qb5 Rxc6 30. Rxc6 Kg7 31. Qb6 Bxc6 32. Qxc6 Qd2 33. Qc4
Re6 34. Nd5 Ng4 35. Rf1 Qh6 36. Kg2 Qh2+ 37. Kf3 h5 38. Ke2 Qg2 39. Qd3 Rc6 40.
Ne3 Qh3 41. Rd1 Nf6 42. Rb1 h4 43. gxh4 Qxh4 44. Rg1 Kh7 45. Qb3 Rc7 46. f3 Nh5
47. Qb2 Qh2+ 48. Rg2 Nf4+ 0-1

[Event "26. Torneo Collado Villalba"]
[Site "Collado Villalba ESP"]
[Date "2009.08.22"]
[Round "2.15"]
[White "Davicce Canada, Juan Antonio"]
[Black "Perez de Aranda, Leonardo Ivan"]
[Result "1-0"]
[WhiteElo "2064"]
[BlackElo "2224"]
[PlyCount "65"]
[EventDate "2009.08.21"]
[EventType "swiss"]
[EventRounds "9"]
[EventCountry "ESP"]
[Source "lmi"]
[SourceDate "2009.08.21"]

1. d4 f5 2. g3 Nf6 3. Bg2 g6 4. Nh3 Bg7 5. c4 d6 6. d5 c6 7. Nc3 O-O 8. Nf4 e5
9. dxe6 Qe7 10. O-O Na6 11. b3 Nc5 12. Bb2 g5 13. Nd3 Nxe6 14. Rc1 f4 15. Ne1
Ng4 16. Nf3 Ne5 17. Ba3 Nxf3+ 18. exf3 Rd8 19. Re1 Qc7 20. Ne4 Be5 21. Qd2 Qg7
22. Bxd6 Bxd6 23. Nxd6 g4 24. fxg4 f3 25. Bf1 Qxg4 26. Rcd1 Rf8 27. Ne4 Nf4 28.
Nd6 Be6 29. Re4 Nh3+ 30. Bxh3 Qxh3 31. Qg5+ Kh8 32. Qe5+ Kg8 33. Qxe6+ 1-0

[Event "26. Torneo Collado Villalba"]
[Site "Collado Villalba ESP"]
[Date "2009.08.22"]
[Round "2.17"]
[White "Collado Barbas, Laura"]
[Black "Gomez Peco, Pablo"]
[Result "1-0"]
[WhiteElo "2055"]
[BlackElo "2222"]
[PlyCount "169"]
[EventDate "2009.08.21"]
[EventType "swiss"]
[EventRounds "9"]
[EventCountry "ESP"]
[Source "lmi"]
[SourceDate "2009.08.21"]

1. d4 c6 2. c4 d5 3. Nf3 Nf6 4. e3 a6 5. Qc2 Ne4 6. Bd3 f5 7. O-O e6 8. b3 Nd7
9. a4 a5 10. Ba3 Bxa3 11. Nxa3 O-O 12. Nd2 Nxd2 13. Qxd2 Qh4 14. f3 Nf6 15.
Rae1 Bd7 16. Nb1 b6 17. Nc3 c5 18. dxc5 dxc4 19. Bxc4 bxc5 20. Qd6 Rac8 21.
Bxe6+ Bxe6 22. Qxe6+ Kh8 23. Qxf5 Qb4 24. Rc1 Qxb3 25. Qc2 c4 26. e4 Rfd8 27.
Rfd1 Rxd1+ 28. Qxd1 Qb6+ 29. Kh1 Rd8 30. Qe2 Nh5 31. Rd1 Rc8 32. Qd2 h6 33. Rb1
Rd8 34. Qe2 Qc5 35. Nd5 Nf6 36. Ne3 Rd3 37. Nc2 Rb3 38. Rd1 Nh5 39. g3 Nf6 40.
Kg2 Rb2 41. Kf1 c3 42. Qd3 Ne8 43. f4 Qc6 44. Rc1 Qxa4 45. Qxc3 Qa2 46. Ke2 Nf6
47. Qd3 a4 48. Kd1 Rb7 49. Qd8+ Kh7 50. Qc8 Rd7+ 51. Ke1 Qb2 52. Rd1 Rxd1+ 53.
Kxd1 a3 54. Qf5+ Kh8 55. Qc8+ Ng8 56. Qa8 a2 57. e5 Qb3 58. Kd2 Kh7 59. Qe4+
Kh8 60. Qa8 Kh7 61. f5 Ne7 62. f6 Nd5 63. f7 Qc3+ 64. Kc1 Ne3 65. Qxa2 Nc4 66.
Qxc4 Qxc4 67. f8=Q Qe2 68. Qf5+ Kg8 69. e6 Qg2 70. Qf7+ Kh7 71. e7 Qg1+ 72. Kb2
Qb6+ 73. Kc3 Qa5+ 74. Kd3 Qb5+ 75. Kd4 Qb2+ 76. Kd3 Qb5+ 77. Ke4 Qc6+ 78. Kf4
Qa4+ 79. Kf3 Qc6+ 80. Kg4 Qa4+ 81. Qf4 h5+ 82. Kg5 Qe8 83. Qf5+ g6 84. Qe5 Qc8
85. e8=Q 1-0

[Event "26. Torneo Collado Villalba"]
[Site "Collado Villalba ESP"]
[Date "2009.08.22"]
[Round "2.19"]
[White "Lopez Heras, Arturo"]
[Black "Ramirez Garcia, Jorge Alberto"]
[Result "0-1"]
[WhiteElo "1931"]
[BlackElo "2203"]
[PlyCount "62"]
[EventDate "2009.08.21"]
[EventType "swiss"]
[EventRounds "9"]
[EventCountry "ESP"]
[Source "lmi"]
[SourceDate "2009.08.21"]

1. e4 e6 2. d4 d5 3. e5 c5 4. c3 Nc6 5. Nf3 Bd7 6. a3 f6 7. Bd3 Qc7 8. O-O
O-O-O 9. Re1 h6 10. b4 c4 11. Bc2 f5 12. a4 g5 13. Na3 Be8 14. a5 Bh5 15. a6 b6
16. Nb5 Qg7 17. Nd6+ Bxd6 18. exd6 Rxd6 19. b5 Nd8 20. Ba3 Rd7 21. Qe2 Nf6 22.
Qe5 Bxf3 23. gxf3 Nh5 24. Bd6 Qg8 25. Bb8 Qf8 26. Ra4 Nf4 27. Bb1 Nf7 28. Qf6
Kxb8 29. Rxe6 Nd6 30. Rxd6 Rxd6 31. Qe5 Ng6 0-1

[Event "26. Torneo Collado Villalba"]
[Site "Collado Villalba ESP"]
[Date "2009.08.22"]
[Round "2.20"]
[White "Prieto Velasco, Rafael"]
[Black "Enjuto Velasco, Roberto"]
[Result "0-1"]
[WhiteElo "1727"]
[BlackElo "2202"]
[PlyCount "52"]
[EventDate "2009.08.21"]
[EventType "swiss"]
[EventRounds "9"]
[EventCountry "ESP"]
[Source "lmi"]
[SourceDate "2009.08.21"]

1. d4 d5 2. c4 e6 3. Nc3 Be7 4. cxd5 exd5 5. Bf4 c6 6. e3 Bf5 7. Nge2 Nd7 8.
Nc1 Ngf6 9. Bd3 Bg6 10. h3 Nf8 11. O-O Ne6 12. Be5 O-O 13. Bxf6 Bxf6 14. f4
Bxd3 15. Nxd3 c5 16. Nxc5 Nxc5 17. dxc5 d4 18. Ne4 dxe3 19. Nxf6+ Qxf6 20. Qe2
Rfe8 21. Rf3 Re4 22. Rc1 Rae8 23. Kh2 Qd4 24. g3 Qd2 25. Rc2 Qxc2 26. Qxc2 e2
0-1

[Event "26. Torneo Collado Villalba"]
[Site "Collado Villalba ESP"]
[Date "2009.08.22"]
[Round "2.22"]
[White "Castano, Henry Augusto"]
[Black "Torres Samper, Rafael"]
[Result "0-1"]
[WhiteElo "2203"]
[BlackElo "2061"]
[PlyCount "110"]
[EventDate "2009.08.21"]
[EventType "swiss"]
[EventRounds "9"]
[EventCountry "ESP"]
[Source "lmi"]
[SourceDate "2009.08.21"]

1. e4 c5 2. Nf3 d6 3. d4 cxd4 4. Nxd4 Nf6 5. Nc3 a6 6. Be2 e6 7. f4 Qc7 8. O-O
Be7 9. Kh1 O-O 10. a4 Nc6 11. Be3 Bd7 12. Nb3 b6 13. Bf3 Rab8 14. Qe2 Nb4 15.
g4 d5 16. e5 Ne4 17. Nxe4 dxe4 18. Bxe4 Bc6 19. Bf3 Bxf3+ 20. Qxf3 Qxc2 21. Nd4
Qc7 22. Rac1 Qd7 23. Nc6 Nxc6 24. Qxc6 Qd3 25. Bxb6 h6 26. a5 Rbc8 27. Qg2 Rxc1
28. Rxc1 f6 29. exf6 Bxf6 30. Re1 Re8 31. Qc6 Kf7 32. f5 Qd5+ 33. Qxd5 exd5 34.
Rd1 d4 35. Rd2 Re4 36. h3 Ke7 37. Kg2 Kd6 38. Rd3 Kd5 39. b3 Re1 40. Kf3 Rh1
41. Kg2 Rc1 42. h4 Ke4 43. Rh3 Rc6 44. Rh1 Rc2+ 45. Kh3 d3 46. Rd1 Be5 47. g5
h5 48. Bg1 d2 49. Kg2 Kd3 50. Bh2 Bxh2 51. Kxh2 Rc1 52. f6 gxf6 53. Rxd2+ Kxd2
54. g6 Ke3 55. b4 Rc4 0-1

[Event "26. Torneo Collado Villalba"]
[Site "Collado Villalba ESP"]
[Date "2009.08.22"]
[Round "2.23"]
[White "Laynez Aspenberg, Jose"]
[Black "Prada Lopez, Miguel Angel"]
[Result "0-1"]
[WhiteElo "1932"]
[BlackElo "2151"]
[PlyCount "66"]
[EventDate "2009.08.21"]
[EventType "swiss"]
[EventRounds "9"]
[EventCountry "ESP"]
[Source "lmi"]
[SourceDate "2009.08.21"]

1. d4 Nf6 2. c4 g6 3. Nc3 Bg7 4. e4 d6 5. f4 O-O 6. Nf3 a6 7. Be2 c5 8. d5 b5
9. e5 dxe5 10. fxe5 Ng4 11. cxb5 Nxe5 12. Nxe5 Bxe5 13. Bh6 Re8 14. O-O Bd4+
15. Kh1 Nd7 16. bxa6 Bxa6 17. Nb5 Bxb2 18. d6 Ne5 19. Rb1 Bd4 20. Nxd4 cxd4 21.
Bxa6 Rxa6 22. dxe7 Qd7 23. Bf8 Rxa2 24. Qe1 Qc6 25. Rg1 Nf3 26. Qg3 Nxg1 27.
Rxg1 Qd5 28. Qf4 Rxf8 29. exf8=Q+ Kxf8 30. Qf6 Kg8 31. h3 h5 32. Qe7 d3 33.
Qe8+ Kg7 0-1

[Event "26. Torneo Collado Villalba"]
[Site "Collado Villalba ESP"]
[Date "2009.08.22"]
[Round "2.24"]
[White "Ocana Lameiro, Oliver"]
[Black "Rodriguez Aguilera, Aurelio"]
[Result "1-0"]
[WhiteElo "1878"]
[BlackElo "1967"]
[PlyCount "81"]
[EventDate "2009.08.21"]
[EventType "swiss"]
[EventRounds "9"]
[EventCountry "ESP"]
[Source "lmi"]
[SourceDate "2009.08.21"]

1. d4 d5 2. Nf3 Nf6 3. c4 e6 4. Nc3 c6 5. g3 Nbd7 6. Bg2 Bd6 7. O-O O-O 8. Bf4
Bxf4 9. gxf4 Qe7 10. c5 Ne8 11. Re1 Qd8 12. b4 Qc7 13. Qd2 a5 14. b5 b6 15.
cxb6 Nxb6 16. Ne5 Bb7 17. Rac1 f6 18. bxc6 fxe5 19. cxb7 Qxb7 20. dxe5 Qf7 21.
e3 Nc7 22. Ne2 Nc4 23. Rxc4 dxc4 24. Bxa8 Rxa8 25. Rc1 Qg6+ 26. Ng3 h5 27. Qc2
Qxc2 28. Rxc2 h4 29. Rxc4 Nd5 30. Ne4 Rb8 31. Ng5 g6 32. Ra4 Rb1+ 33. Kg2 Rb2
34. Kf3 Nb4 35. Rxa5 Nd3 36. Ra8+ Kg7 37. Nxe6+ Kf7 38. Ng5+ Ke7 39. Ne4 Rb4
40. a4 g5 41. Nxg5 1-0

[Event "26. Torneo Collado Villalba"]
[Site "Collado Villalba ESP"]
[Date "2009.08.22"]
[Round "2.25"]
[White "Martin-Consuegra Barrilero, Javier"]
[Black "Giese, Reinhard"]
[Result "0-1"]
[WhiteElo "1891"]
[BlackElo "2200"]
[PlyCount "48"]
[EventDate "2009.08.21"]
[EventType "swiss"]
[EventRounds "9"]
[EventCountry "ESP"]
[Source "lmi"]
[SourceDate "2009.08.21"]

1. d4 d5 2. Nf3 Nf6 3. Bf4 c6 4. e3 Qb6 5. Qc1 Bf5 6. Nbd2 e6 7. h3 c5 8. c3
Nc6 9. Nh4 Be4 10. f3 Bg6 11. Nb3 Nd7 12. Nxg6 hxg6 13. Bg3 a5 14. Bf2 a4 15.
Nxc5 Nxc5 16. dxc5 Bxc5 17. Qd2 Rd8 18. Be2 d4 19. exd4 Nxd4 20. Bxd4 Rxd4 21.
Qc2 Rd7 22. Rd1 Bf2+ 23. Kf1 Bg3 24. Bd3 Ke7 0-1

[Event "26. Torneo Collado Villalba"]
[Site "Collado Villalba ESP"]
[Date "2009.08.22"]
[Round "2.26"]
[White "Nieto Rubio, Jose"]
[Black "Martin Martin, Luis Vicente"]
[Result "0-1"]
[WhiteElo "1930"]
[BlackElo "2095"]
[PlyCount "90"]
[EventDate "2009.08.21"]
[EventType "swiss"]
[EventRounds "9"]
[EventCountry "ESP"]
[Source "lmi"]
[SourceDate "2009.08.21"]

1. e4 e6 2. d4 d5 3. exd5 exd5 4. c4 Nf6 5. Nf3 Be7 6. Nc3 O-O 7. Bd3 dxc4 8.
Bxc4 Nbd7 9. O-O Nb6 10. Bb3 Bg4 11. h3 Bf5 12. Re1 c6 13. Ne5 Nbd5 14. Qf3 Be6
15. Bg5 Nc7 16. Ne4 Nxe4 17. Bxe7 Nd2 18. Qd3 Qxe7 19. Bc2 g6 20. Qxd2 Qd6 21.
Nf3 Rfd8 22. Qh6 Qf8 23. Qh4 Qg7 24. a3 Re8 25. Re3 Nd5 26. Re2 Rad8 27. Rae1
Rd6 28. Qg3 Red8 29. Qh4 Nc7 30. Rd2 Nb5 31. Red1 Bd5 32. Nh2 Qf6 33. Qg3 Be6
34. Nf3 Kg7 35. Qe5 Bd5 36. Qxf6+ Kxf6 37. Nh2 Be6 38. Nf3 Bf5 39. Bxf5 Kxf5
40. Rd3 c5 41. Rb3 a6 42. a4 Nxd4 43. Nxd4+ Rxd4 44. Rxd4 cxd4 45. Rxb7 d3 0-1

[Event "26. Torneo Collado Villalba"]
[Site "Collado Villalba ESP"]
[Date "2009.08.22"]
[Round "2.27"]
[White "Hernandez Yanez, Javier"]
[Black "San Juan Rodriguez, Miguel"]
[Result "0-1"]
[WhiteElo "1922"]
[BlackElo "2054"]
[PlyCount "116"]
[EventDate "2009.08.21"]
[EventType "swiss"]
[EventRounds "9"]
[EventCountry "ESP"]
[Source "lmi"]
[SourceDate "2009.08.21"]

1. d4 d5 2. Bf4 c5 3. c3 Nc6 4. e3 Nf6 5. Nd2 e6 6. Bd3 Bd6 7. Bxd6 Qxd6 8.
Ngf3 O-O 9. O-O b6 10. Re1 Bb7 11. Bb5 a6 12. Bxc6 Bxc6 13. Ne5 Bb7 14. f4 Ne8
15. g3 f6 16. Nd3 Qc6 17. Nf3 Nd6 18. b4 cxb4 19. cxb4 Nc4 20. a4 a5 21. b5 Qd7
22. Ra2 Rac8 23. Kf2 Nd6 24. Kg2 Ne4 25. Rc2 Rc4 26. Nb2 Rxc2+ 27. Qxc2 Rc8 28.
Qb1 Qc7 29. Nd3 Qc2+ 30. Qxc2 Rxc2+ 31. Kg1 Kf7 32. Rc1 Rxc1+ 33. Nxc1 Nc3 34.
Kf2 Nxa4 35. Na2 Bc8 36. Ke2 Bd7 37. Kd2 Bxb5 38. Kc2 Bc4 39. Nc3 Nxc3 40. Kxc3
Ke7 41. Nd2 b5 42. e4 Kd6 43. e5+ Kc6 44. exf6 gxf6 45. g4 h6 46. h4 Be2 47. g5
fxg5 48. fxg5 hxg5 49. hxg5 Kd6 50. Nb3 a4 51. Nc5 e5 52. g6 Bh5 53. g7 Bf7 54.
Nd3 e4 55. Ne5 Ke6 56. Ng4 a3 57. Nh6 b4+ 58. Kb3 e3 0-1